[Event "Rapid"]
[Site "Beer Sheva ISR"]
[Date "2007.10.20"]
[Round "2"]
[White "Khmelniker,I"]
[Black "Roiz,M"]
[Result "0-1"]
[WhiteElo "2470"]
[BlackElo "2644"]

1.d4 Nf6 2.c4 c6 3.Nf3 d5 4.Nc3 e6 5.e3 Nbd7 6.Qc2 Bd6 7.b3 O-O 8.Be2 b6
9.O-O Bb7 10.Bb2 Qe7 11.e4 Nxe4 12.Nxe4 dxe4 13.Qxe4 Rad8 14.Bd3 f5 15.Qe2 c5
16.dxc5 Nxc5 17.Bc2 Ne4 18.Rad1 e5 19.Bb1 Rfe8 20.Qc2 Qf6 21.a3 a5 22.b4 axb4
23.axb4 Bxb4 24.Rxd8 Qxd8 25.Bxe5 Bc5 26.Qb2 Nxf2 27.Bd4 Bxf3 28.Bxc5 Re2
29.Qxb6 Nh3+  0-1

[Event "IV Open"]
[Site "Calvia ESP"]
[Date "2007.10.20"]
[Round "6"]
[White "Ruiz Vinals,M"]
[Black "Pettersen,J"]
[Result "0-1"]
[WhiteElo "2164"]
[BlackElo "2027"]

1.d4 d5 2.c4 c6 3.Nc3 Nf6 4.Nf3 e6 5.e3 Nbd7 6.b3 Bd6 7.Be2 O-O 8.O-O Qe7
9.Qc2 e5 10.cxd5 e4 11.Nd2 cxd5 12.Nb5 Bb4 13.a3 Ba5 14.a4 a6 15.Ba3 Bb4
16.Bxb4 Qxb4 17.Nc7 Rb8 18.Rfc1 Rd8 19.a5 Nf8 20.Ra4 Qe7 21.b4 Rd6 22.b5 Ng4
23.Nf1 Qh4 24.Bxg4 Bxg4 25.Qc5 Rbd8 26.Ra2 Bf3 27.Ng3 Rh6 28.gxf3 Qxh2+ 29.Kf1 exf3
30.Nxd5 Qh1+  0-1

[Event "TCh-FIN 2007-8"]
[Site "Finland FIN"]
[Date "2007.10.20"]
[Round "3"]
[White "Niemela,A"]
[Black "Anjuhin,A"]
[Result "1/2-1/2"]
[WhiteElo "2257"]
[BlackElo "2359"]

1.d4 d5 2.c4 c6 3.Nf3 Nf6 4.Nc3 e6 5.e3 Nbd7 6.Bd3 dxc4 7.Bxc4 b5 8.Bd3 a6
9.e4 c5 10.e5 Ng4 11.Ng5 cxd4 12.Nxf7 Kxf7 13.Qxg4 dxc3 14.Qf3+ Kg8 15.Qxa8 Nxe5
16.Be2 Nd3+ 17.Bxd3 Qxd3 18.Qxc8 Qe4+ 19.Be3 cxb2 20.O-O bxa1=Q 21.Rxa1 Qd5
22.Rc1 h6 23.Qxa6 Kh7 24.g3 Be7 25.Rc6 Rd8 26.h4 Bf6 27.Rc5 Qe4  1/2-1/2

[Event "Bundesliga 2007-8"]
[Site "Hamburg GER"]
[Date "2007.10.20"]
[Round "1"]
[White "Fish,G"]
[Black "Welz,Tho"]
[Result "1-0"]
[WhiteElo "2546"]
[BlackElo "2235"]

1.d4 d5 2.c4 c6 3.Nf3 Nf6 4.Nc3 e6 5.e3 Bd6 6.Bd3 Nbd7 7.O-O O-O 8.Qc2 dxc4
9.Bxc4 e5 10.Bb3 Qe7 11.h3 g6 12.Bd2 Kg7 13.Rfe1 h6 14.e4 Nh5 15.Rad1 exd4
16.Nxd4 Bf4 17.Nde2 Bb8 18.Qc1 Rh8 19.Be3 Nc5 20.Bd4+ f6 21.g4 Nxb3 22.axb3 Qc7
23.f4 Nxf4 24.Qxf4 Qxf4 25.Nxf4 Bxf4 26.e5 fxe5 27.Rxe5 Bxe5 28.Bxe5+ Kh7
29.Bxh8 Kxh8 30.Rd8+ Kg7 31.Ne4 Kf7 32.Nd6+ Ke7 33.Rxc8 Rxc8 34.Nxc8+ Kd7
35.Nxa7 Kc7 36.Kf2 Kb8 37.Nxc6+ bxc6 38.Ke3 Kc7 39.Kd4 Kd6 40.b4 h5 41.gxh5 gxh5
42.h4 Ke6 43.Kc5  1-0

[Event "Open"]
[Site "Hoogeveen NED"]
[Date "2007.10.20"]
[Round "9"]
[White "Van Kooten,L"]
[Black "Hillarp Persson,T"]
[Result "1/2-1/2"]
[WhiteElo "2283"]
[BlackElo "2567"]

1.d4 d5 2.c4 c6 3.Nf3 Nf6 4.Nc3 e6 5.e3 Nbd7 6.Qc2 Bd6 7.b3 O-O 8.Be2 dxc4
9.bxc4 e5 10.O-O Re8 11.h3 Qe7 12.Rb1 e4 13.Nd2 c5 14.f3 exf3 15.Nxf3 Nf8
16.Bd3 b6 17.Bd2 Ng6 18.Rbe1 Bd7 19.Ng5 Bc7 20.d5 Qd6 21.Nf3 Bxh3 22.Nb5 Qg3
23.Bc3 Be5 24.Bxg6 Bxc3 25.Bxf7+ Kxf7 26.Nxc3 Kg8 27.Qf2 Qxf2+ 28.Rxf2 Bf5
29.Rd2 Rad8 30.Nh4 Be4 31.a4 h6 32.a5 Bh7 33.axb6 axb6 34.Rb2 Ne4 35.Na4 Nd6
36.Nxb6 Bd3 37.Nf3 Bxc4 38.Rc1 Ba6 39.Rxc5 Rxe3 40.Ra5 Bb7 41.Ra7 Rd3 42.Ne5 Rd1+
43.Kh2 Bxd5 44.Nxd5 Rxd5 45.Nc6 Rh5+ 46.Kg1 Re8 47.Rb8 Rxb8 48.Nxb8 Rc5 49.Nd7 Rc2
50.Ne5 Nf5 51.Ra3 Nh4 52.Rg3 Kh7 53.Nf3 Nf5 54.Rg4 Ne3 55.Rg3 Nd5 56.Rg4 h5
57.Re4 Nf6 58.Re1 Kg6 59.Kh2 Ng4+ 60.Kg3 Rc3 61.Ra1 Kh6 62.Ra6+ g6 63.Ra2 Rc6
64.Ra3 Rb6 65.Rc3 g5 66.Rc5 Rg6 67.Ne5 Nf6 68.Ra5 Rg8  1/2-1/2

[Event "Bundesliga 2007-8"]
[Site "Zehlendorf GER"]
[Date "2007.10.20"]
[Round "1"]
[White "Werner,Di"]
[Black "Schlosser,P"]
[Result "1-0"]
[WhiteElo "2346"]
[BlackElo "2579"]

1.d4 Nf6 2.c4 e6 3.Nf3 d5 4.Nc3 c6 5.e3 Nbd7 6.Bd3 dxc4 7.Bxc4 b5 8.Bd3 Bb7
9.a3 b4 10.Na4 bxa3 11.O-O axb2 12.Bxb2 Nd5 13.Nd2 Be7 14.Qh5 Nb4 15.Bc4 O-O
16.Rfc1 a5 17.Nb3 Ba6 18.Bxa6 Rxa6 19.Qe2 Qb8 20.Nac5 Nxc5 21.dxc5 Qc7 22.Rc4 Rb8
23.Nd4 Raa8 24.Qg4 Bf8 25.Nf3 Nd3 26.Bc3 a4 27.Qe4 Nxc5 28.Rxc5 Bxc5 29.Ng5 g6
30.Qh4 h5 31.Ne4 Be7 32.Nf6+ Kf8 33.Qg5 Bxf6 34.Qxf6 Qd6 35.Be5 Qb4 36.Rd1 Qd2
37.Qh8+ Ke7 38.Bf6+  1-0

[Event "TCh-BEL 2007-8"]
[Site "Belgium BEL"]
[Date "2007.10.21"]
[Round "2"]
[White "Uhoda,P"]
[Black "Maenhout,T"]
[Result "0-1"]
[WhiteElo "2111"]
[BlackElo "2277"]

1.d4 d5 2.c4 c6 3.Nf3 Nf6 4.Nc3 e6 5.e3 Nbd7 6.Bd3 dxc4 7.Bxc4 b5 8.Bd3 Bb7
9.O-O a6 10.e4 c5 11.d5 Qc7 12.dxe6 fxe6 13.Qe2 c4 14.Bc2 Nc5 15.e5 Nd5 16.Bg5 Nb4
17.Be4 Nxe4 18.Nxe4 Nd3 19.Kh1 Qc6 20.Nc3 Bc5 21.Be3 O-O 22.Bxc5 Qxc5 23.b3 Nf4
24.Qe3 Qc6 25.Rg1 Nxg2 26.Rxg2 Qxf3 27.Qxf3 Rxf3  0-1

[Event "IV Veterans"]
[Site "Calvia ESP"]
[Date "2007.10.21"]
[Round "7"]
[White "Mikoleizig,E"]
[Black "Perez Pascual,A"]
[Result "1-0"]
[WhiteElo "2217"]
[BlackElo "1986"]

1.c4 c6 2.e3 d5 3.d4 Nf6 4.Nc3 e6 5.Nf3 Nbd7 6.a3 Bd6 7.cxd5 exd5 8.Bd3 O-O
9.O-O Re8 10.Qc2 Nf8 11.h3 Qe7 12.Bd2 Ne4 13.Rfe1 Bf5 14.Ne2 g5 15.Nh2 Bg6
16.Nf1 Ne6 17.f3 Nxd2 18.Qxd2 c5 19.Bxg6 hxg6 20.Nc3 Nc7 21.dxc5 Bxc5 22.Kh1 Rad8
23.Na4 Bd6 24.Rad1 Be5 25.Qc2 Ne6 26.Qb3 Qd7 27.Nc3 d4 28.Ne2 Qc8 29.exd4 Bd6
30.d5 Nf4 31.Nxf4 Rxe1 32.Rxe1 gxf4 33.Nd2 b6 34.Ne4 Be5 35.Rd1 Bd6 36.Qa4 Qc7
37.b4 Be7 38.Qb3 Qe5 39.Qc4 Kg7 40.Nc3 a6 41.Ne2 b5 42.Qd4 Qf6 43.Qxf6+ Bxf6
44.Nd4 Bxd4 45.Rxd4 g5 46.d6 Kg6 47.d7 f6 48.Rd6 Kf7 49.Rxa6 Rxd7 50.Rb6 Rd1+
51.Kh2 Rd5 52.Rc6 Kg6 53.Rc5 Rd3 54.Rxb5 Rxa3 55.h4 Ra1 56.hxg5 fxg5 57.Rb8 Rb1
58.b5 Kf6 59.b6 Rb2 60.Kh3 Kg6 61.Kh2 Kf7 62.Kg1 Ke7 63.b7 Kd7 64.Rg8 Rxb7
65.Rg7+ Kc6 66.Rxb7 Kxb7 67.Kh2 Kc6 68.Kh3  1-0

[Event "Bundesliga 2007-8"]
[Site "Hamburg GER"]
[Date "2007.10.21"]
[Round "2"]
[White "Kempinski,R"]
[Black "Guliyev,N"]
[Result "1/2-1/2"]
[WhiteElo "2596"]
[BlackElo "2560"]

1.d4 d5 2.c4 c6 3.e3 Nf6 4.Nc3 e6 5.Nf3 Nbd7 6.Bd3 dxc4 7.Bxc4 b5 8.Bd3 Bb7
9.O-O a6 10.a4 b4 11.Ne4 c5 12.Nxf6+ Qxf6 13.a5 h6 14.b3 Bd6 15.Bb2 O-O 16.Qe2 cxd4
17.exd4 Rfd8 18.Be4 Bxe4 19.Qxe4 Qe7 20.Rfc1 Nf6 21.Qe2 Qb7 22.g3 Rac8 23.Rc4 Rc7
24.Nd2  1/2-1/2

[Event "Bundesliga 2007-8"]
[Site "Remagen GER"]
[Date "2007.10.21"]
[Round "2"]
[White "Goloshchapov,A"]
[Black "Baramidze,D"]
[Result "1/2-1/2"]
[WhiteElo "2563"]
[BlackElo "2569"]

1.d4 d5 2.c4 c6 3.Nc3 Nf6 4.e3 e6 5.Nf3 Nbd7 6.Qc2 Bd6 7.Bd3 dxc4 8.Bxc4 Qe7
9.O-O e5 10.Bd2 O-O 11.h3 h6 12.Nh4 Nb6 13.Ng6 Qc7 14.dxe5 Bxe5 15.Nxe5 Qxe5
16.Bd3 Rd8 17.Rad1 Be6 18.Ne2 Qd5 19.Nc1 c5 20.Bc3 Qg5 21.Bxf6 Qxf6 22.Bh7+ Kh8
23.Be4 Nc4 24.b3  1/2-1/2

[Event "Casino"]
[Site "Barcelona ESP"]
[Date "2007.10.22"]
[Round "5"]
[White "Illescas Cordoba,M"]
[Black "Krasenkow,M"]
[Result "0-1"]
[WhiteElo "2598"]
[BlackElo "2668"]

1.d4 d5 2.c4 e6 3.Nf3 Nf6 4.Nc3 c6 5.e3 Nbd7 6.Bd3 Bd6 7.e4 dxe4 8.Nxe4 Nxe4
9.Bxe4 e5 10.O-O exd4 11.Qxd4 Qf6 12.Bg5 Qxd4 13.Nxd4 Nc5 14.Bf5 O-O 15.Bxc8 Rfxc8
16.Nf5 Bf8 17.Rfd1 Re8 18.Be3 Rad8 19.b3 a5 20.Kf1 h5 21.Rxd8 Rxd8 22.Bg5 f6
23.Be3 a4 24.Rb1 Ne4 25.bxa4 Nc3 26.Re1 Nxa4 27.g3 Nc3 28.Bb6 Ra8 29.Re3 Na4
30.Rb3 Nxb6 31.Rxb6 Ra7 32.Rb2 Bc5 33.Ke2 Kf7 34.h3 g6 35.Nh4 b6 36.Rd2 Ra3
37.Rc2 g5 38.Nf3 Ra8 39.Nd2 Re8+ 40.Kf1 Bb4 41.Rb2 c5 42.a3 Ba5 43.Rc2 Kg6
44.Nb3 Re1+ 45.Kg2 Rb1 46.Nc1 Kf5 47.Kf3 Ra1 48.g4+ hxg4+ 49.hxg4+ Ke5 50.Re2+ Kd6
51.Na2 Kd7 52.a4 Kd6 53.Ke4 Ke6 54.Kf3+ Kf7 55.Ke4 Kg6 56.Kf3 f5 57.Rc2 Kf6
58.gxf5 Kxf5 59.Ke2 Kf4 60.Nc1 g4 61.Nb3 Re1+ 62.Kd3 Kf3 63.Rc1 Kxf2 64.Rxe1 Bxe1
65.Nc1 g3  0-1

[Event "I Magistral"]
[Site "Casar de Caceres ESP"]
[Date "2007.10.23"]
[Round "2"]
[White "Gonzalez Garcia,J2"]
[Black "Hera,I"]
[Result "1/2-1/2"]
[WhiteElo "2541"]
[BlackElo "2544"]

1.d4 d5 2.c4 c6 3.Nf3 Nf6 4.Nc3 e6 5.e3 a6 6.c5 b6 7.cxb6 Nbd7 8.Na4 Nxb6
9.Bd2 Nxa4 10.Qxa4 Bd7 11.Ne5 c5 12.Nxd7 Nxd7 13.dxc5 Bxc5 14.Rc1 Bd6  1/2-1/2

[Event "Open A"]
[Site "Arco di Trento ITA"]
[Date "2007.10.24"]
[Round "5"]
[White "Moncelli,G"]
[Black "Prakken,G"]
[Result "0-1"]
[WhiteElo "2129"]
[BlackElo "2217"]

1.d4 d5 2.c4 e6 3.Nc3 c6 4.e3 Nf6 5.Nf3 Nbd7 6.Bd3 dxc4 7.Bxc4 b5 8.Bd3 Bd6
9.O-O O-O 10.a4 b4 11.Ne4 Nxe4 12.Bxe4 Bb7 13.b3 Qe7 14.Bb2 Rfd8 15.Rc1 Rac8
16.Qe2 Nf6 17.Bd3 c5 18.e4 Bb8 19.dxc5 Nd7 20.c6 Rxc6 21.Rxc6 Bxc6 22.Bb5 Bb7
23.Qc4 Nf6 24.e5 Nd5 25.Rd1 h6 26.Qd4 Bc7 27.Qg4 Nc3 28.Re1 Nxb5 29.axb5 Bb6
30.Bc1 Kh8 31.h3 Bd5 32.Be3 Bxb3 33.Bxb6 axb6 34.Re4 Rd1+ 35.Kh2 Qc5 36.Rxb4 Bd5
37.Rf4 Kg8 38.Nd4 Qc1 39.Kg3 Rg1 40.Nf3 Rh1 41.Qh5 Qc7 42.Nh2 g5 43.Rg4 Qxe5+
44.f4 Qe1+  0-1

[Event "33rd Fortis Open"]
[Site "Guernsey GCI"]
[Date "2007.10.25"]
[Round "5"]
[White "Westerkamp,B"]
[Black "Dines,S"]
[Result "1/2-1/2"]
[WhiteElo "2093"]
[BlackElo "1901"]

1.Nf3 d5 2.d4 c6 3.c4 e6 4.e3 Nf6 5.Nc3 Nbd7 6.Qc2 Bd6 7.cxd5 exd5 8.Bd3 O-O
9.O-O h6 10.Re1 Re8 11.Bd2 Nf8 12.e4 dxe4 13.Nxe4 Nxe4 14.Bxe4 Ne6 15.Rad1 Bd7
16.d5 cxd5 17.Bxd5 Rc8 18.Qb1 Qb6 19.Be3 Bc5 20.Bxc5 Nxc5 21.Ne5 Be6 22.Bxe6 Rxe6
23.Nc4 Qa6 24.Rxe6 Qxe6 25.Ne3 Qe4 26.Qxe4 Nxe4 27.f3 Nf6 28.Kf2 g6 29.Rd4 Kg7  1/2-1/2

[Event "33rd Fortis Open"]
[Site "Guernsey GCI"]
[Date "2007.10.25"]
[Round "5"]
[White "Cornelisse,J"]
[Black "Hillarp Persson,T"]
[Result "0-1"]
[WhiteElo "2187"]
[BlackElo "2567"]

1.d4 d5 2.c4 c6 3.Nf3 Nf6 4.Nc3 e6 5.e3 Nbd7 6.Qc2 Bd6 7.g4 h6 8.Bd2 dxc4
9.Bxc4 b5 10.Be2 Bb7 11.g5 hxg5 12.Nxg5 Qb6 13.Nce4 Nxe4 14.Nxe4 Be7 15.Nc3 c5
16.d5 b4 17.Na4 Qd6 18.dxe6 Qxe6 19.Rg1 Be4 20.Qb3 Qxb3 21.axb3 Rxh2 22.Bb5 Rb8
23.Bc4 Ne5 24.O-O-O g6 25.Be1 Bc6 26.f3 Nxc4 27.Bg3 Re2 28.Bxb8 Bxa4 29.bxa4 b3
30.e4 Rc2+ 31.Kb1 Rxb2+ 32.Ka1 Ra2+ 33.Kb1 Na3+ 34.Kc1 Rc2+  0-1

[Event "Casino"]
[Site "Barcelona ESP"]
[Date "2007.10.26"]
[Round "9"]
[White "Oms Pallise,J"]
[Black "Beliavsky,A"]
[Result "0-1"]
[WhiteElo "2506"]
[BlackElo "2646"]

1.d4 d5 2.c4 c6 3.Nf3 Nf6 4.Nc3 e6 5.e3 Nbd7 6.Qc2 Bd6 7.b3 O-O 8.Be2 e5
9.cxd5 cxd5 10.Nb5 Bb4+ 11.Bd2 Bxd2+ 12.Nxd2 e4 13.Rc1 Qe7 14.Qc7 Ne8 15.Qg3 f5
16.O-O Nb6 17.Qe5 Rf7 18.Qxe7 Rxe7 19.a4 Be6 20.f4 a6 21.Na3 Nc8 22.Rc3 Na7
23.h3 Nc6 24.Kf2 h6 25.Rb1 g5 26.g3 a5 27.Nb5 Rd8 28.Rh1 Nf6 29.Rhc1 Bf7
30.Rc5 Kf8 31.R5c3 Be8 32.Rc5 Rg7 33.R1c3 Re7 34.Rc1 Kf7 35.R1c3 Ke6 36.Rc1 Rg7
37.R5c3 Bd7 38.Rc5 gxf4 39.gxf4 Rdg8 40.Nf1 Nb4 41.Nc7+ Ke7 42.Rd1 Kd8 43.Ke1 Rg1
44.Nb5 R8g2 45.Nd6 b6 46.Rc3 Ke7 47.Nc8+ Kf8 48.Nxb6 Be8 49.Rd2 Rh1 50.Nc8 Rgg1
51.Nd6 Bh5 52.Kf2 Bxe2 53.Ng3 Nd3+ 54.Rdxd3 exd3  0-1

[Event "I Joan Casals"]
[Site "Mao ESP"]
[Date "2007.10.26"]
[Round "2"]
[White "Cubas Pons,Ju"]
[Black "Giaccio,A"]
[Result "0-1"]
[WhiteElo "2199"]
[BlackElo "2475"]

1.d4 Nf6 2.Nf3 d5 3.c4 e6 4.Nc3 c6 5.e3 a6 6.Bd2 c5 7.cxd5 exd5 8.dxc5 Bxc5
9.Qc2 Nc6 10.a3 O-O 11.Be2 Bg4 12.O-O Rc8 13.Rfd1 Qe7 14.Rac1 Rfd8 15.Be1 d4
16.exd4 Bxd4 17.Ng5 Bxe2 18.Nxe2 Be3 19.Rxd8+ Rxd8 20.Nxf7 Nd4 21.Nxd4 Bxc1
22.Nf3 Qxf7 23.Qxc1 Qe6 24.h3 h6 25.Bc3 Nd5 26.Be5 Rf8 27.Bd4 Nf4 28.Kh2 Ne2
29.Qe3 Nxd4 30.Qxd4 Qf6 31.Qd5+ Qf7 32.Qd3 Qf4+ 33.Kg1 Qc1+ 34.Kh2 Qxb2 35.Qd5+ Kh8
36.Ne5 Qc2 37.f3 Qf5 38.Qd6 Rf6 39.Qb8+ Kh7 40.Kh1 Qf4 41.Qe8 Rd6  0-1

[Event "Open A"]
[Site "Arco di Trento ITA"]
[Date "2007.10.27"]
[Round "8"]
[White "Zucchelli,M"]
[Black "Friedrich,N"]
[Result "1/2-1/2"]
[WhiteElo "2118"]
[BlackElo "2313"]

1.d4 d5 2.c4 c6 3.Nf3 Nf6 4.e3 e6 5.Nc3 Nbd7 6.Qc2 b6 7.b3 Bb7 8.Be2 Bd6
9.O-O O-O 10.Bb2 Qe7 11.Rfd1 Rad8 12.a3 Rfe8 13.b4 e5 14.cxd5 cxd5 15.dxe5 Nxe5
16.Nb5 Nxf3+ 17.Bxf3 Bb8 18.Bxf6 Qxf6 19.Nd4 Be5 20.Qb3 Rc8 21.Rd3 Rc4 22.Rad1 Bxd4
23.Rxd4 Rxd4 24.exd4 Qxd4 25.h3 Qf6 26.Bxd5 Bxd5 27.Qxd5 g6 28.Kf1 Qb2 29.Qd3 Rc8
30.g3 Rc1  1/2-1/2

[Event "Open A"]
[Site "Arco di Trento ITA"]
[Date "2007.10.27"]
[Round "8"]
[White "Caldara,S"]
[Black "Cracco,P"]
[Result "1-0"]
[WhiteElo "1760"]
[BlackElo "2041"]

1.d4 d5 2.c4 e6 3.Nc3 c6 4.e3 Nf6 5.Nf3 Nbd7 6.Bd3 dxc4 7.Bxc4 b5 8.Bd3 Bb7
9.O-O Be7 10.Qe2 O-O 11.Rd1 a6 12.Ne4 Qb6 13.Nxf6+ Nxf6 14.e4 c5 15.e5 Ne8
16.dxc5 Bxc5 17.Bxh7+ Kh8 18.Ng5 g6 19.Qg4 Bxf2+ 20.Kf1 Kg7 21.Bxg6 Bh4 22.Qxh4 fxg6+
23.Bf4 Rh8 24.Rd7+ Kg8 25.Rh7 Bxg2+ 26.Kxg2 Qb7+ 27.Rxb7 Rxh4 28.Kg3 Rh5
29.Rd1 Ng7 30.Rdd7 Nf5+ 31.Kf2 Rc8 32.Rbc7 Rxc7 33.Rxc7 Nd4 34.Rc8+ Kg7 35.Ra8 Rh4
36.Kg3 Nf5+  1-0

[Event "Open A"]
[Site "Arco di Trento ITA"]
[Date "2007.10.28"]
[Round "9"]
[White "Schaefer,Mi1"]
[Black "Zucchelli,M"]
[Result "0-1"]
[WhiteElo "2247"]
[BlackElo "2118"]

1.d4 d5 2.c4 c6 3.Nc3 Nf6 4.e3 e6 5.Nf3 Nbd7 6.Bd3 Bd6 7.e4 dxe4 8.Nxe4 Nxe4
9.Bxe4 Nf6 10.Bc2 h6 11.O-O O-O 12.b3 b6 13.Bb2 Bb7 14.Qe2 c5 15.Rad1 Qe7
16.Rfe1 cxd4 17.Nxd4 Qc7 18.Nf3 Rfd8 19.Ne5 Bb4 20.Rf1 Rxd1 21.Rxd1 Rd8 22.Rxd8+ Qxd8
23.Qd3 Qc7 24.Ng4 Ne8 25.Qh7+ Kf8 26.Bxg7+ Nxg7 27.Qh8+ Ke7 28.Qxg7 Qf4 29.Ne3 Bd6
30.h3 h5 31.Bd1 Ba8 32.Qh7 Be4 33.Qxh5 Qh2+ 34.Kf1 Bd3+  0-1

[Event "6th North Am FIDE Inv"]
[Site "Chicago USA"]
[Date "2007.10.28"]
[Round "2"]
[White "Muhammad,St"]
[Black "Robson,R"]
[Result "0-1"]
[WhiteElo "2384"]
[BlackElo "2368"]

1.d4 d5 2.c4 e6 3.Nc3 c6 4.e3 Nf6 5.Nf3 Nbd7 6.Bd3 dxc4 7.Bxc4 b5 8.Be2 Bb7
9.e4 b4 10.e5 bxc3 11.exf6 Nxf6 12.bxc3 Bd6 13.O-O O-O 14.Bg5 c5 15.Rb1 Qe7
16.Ne5 Rfd8 17.Bf3 Bxe5 18.Rxb7 Qe8 19.Qe2 Bd6 20.Bxf6 gxf6 21.Bh5 Rd7 22.Rxd7 Qxd7
23.Qg4+ Kf8 24.Qe4 Rb8 25.Qxh7 cxd4 26.cxd4 Rb7 27.h4 Qa4 28.Rc1 Qd7 29.g3 Rb8
30.d5 Be5 31.Re1 Rb2 32.Qh8+ Ke7 33.Qg8 Qxd5 34.Qxf7+ Kd6 35.Qf8+ Kc7 36.Rd1 Bd4
37.Rc1+ Kb6 38.Qb8+ Ka5 39.Qc7+ Ka6 40.Rc6+ Bb6 41.Qc8+ Kb5 42.a4+ Kb4 43.Qf8+ Kb3
44.Rxb6+ axb6 45.Bg6 Qf3  0-1

[Event "ETCC w"]
[Site "Crete GRE"]
[Date "2007.10.28"]
[Round "1"]
[White "Johansson,V"]
[Black "Aginian,N"]
[Result "0-1"]
[WhiteElo "2203"]
[BlackElo "2261"]

1.d4 d5 2.c4 c6 3.Nf3 Nf6 4.Nc3 e6 5.e3 Nbd7 6.Qc2 b6 7.b3 Bb7 8.Be2 Bd6
9.O-O O-O 10.Bb2 Qe7 11.Rac1 Rac8 12.Qb1 h6 13.Rfd1 Rfd8 14.g3 Bb4 15.Nh4 dxc4
16.bxc4 Bxc3 17.Bxc3 c5 18.Qb3 cxd4 19.exd4 Ne4 20.Bb4 Qe8 21.Nf3 Ndf6 22.Ne5 Ng5
23.h4 Nge4 24.Bf3 Nd7 25.Ng4 f5 26.Nh2 Ndf6 27.Qe3 Rc7 28.Qf4 Rdc8 29.Be2 Ba6
30.f3 Nh5 31.Qe5 Nexg3 32.Bd3 Bxc4 33.Kf2 b5 34.Rg1 Rd7 35.Bxc4 Rxc4 36.Rxc4 bxc4
37.Rxg3 Nxg3 38.Kxg3 Rd5 39.Qf4 a5 40.Bc5 Qa4 41.Qe3 Kf7 42.Qd2 e5 43.Qb2 Qd7
44.Qb8 exd4 45.Qf8+ Kg6 46.f4 d3 47.Nf3 d2 48.h5+ Kh7 49.Ng5+ hxg5 50.fxg5 f4+
51.Kh4 Rxg5 52.Kxg5 d1=Q  0-1

[Event "Corsica Masters"]
[Site "Bastia FRA"]
[Date "2007.10.29"]
[Round "1.2"]
[White "Jussupow,Ar"]
[Black "Bareev,E"]
[Result "0-1"]
[WhiteElo "2583"]
[BlackElo "2653"]

1.d4 d5 2.Nf3 Nf6 3.e3 c6 4.c4 e6 5.Nc3 Nbd7 6.Qc2 Bd6 7.Bd3 O-O 8.O-O dxc4
9.Bxc4 a6 10.a4 c5 11.Rd1 Qc7 12.Ne4 Nxe4 13.Qxe4 Nf6 14.Qh4 Be7 15.Bd3 c4
16.Bc2 h6 17.e4 Nd5 18.Qh5 Nf6 19.Qh3 Kh8 20.Bxh6 e5 21.Bxg7+ Kxg7 22.Qg3+ Kh8
23.Nxe5 Bd6 24.Ra3 Nh7 25.Rf3 Bxe5 26.dxe5 Rg8 27.Qf4 Bg4 28.Rg3 Bxd1 29.Bxd1 Rxg3
30.Qxg3 Rg8 31.Qc3 Rg7 32.h4 b5 33.h5 Qc6 34.Qd4 Ng5 35.Qd8+ Rg8 36.Qd4 Qxe4  0-1

[Event "Corsica Masters"]
[Site "Bastia FRA"]
[Date "2007.10.29"]
[Round "2.1"]
[White "Bareev,E"]
[Black "Milov,V"]
[Result "1/2-1/2"]
[WhiteElo "2653"]
[BlackElo "2676"]

1.d4 d5 2.c4 c6 3.Nc3 Nf6 4.e3 e6 5.Nf3 Nbd7 6.Bd3 dxc4 7.Bxc4 b5 8.Bd3 Bd6
9.a3 O-O 10.Qc2 Bb7 11.O-O a5 12.Rd1 Qc7 13.h3 b4 14.Ne4 Nxe4 15.Bxe4 Nf6
16.Bd3 c5 17.axb4 cxb4 18.Qe2 Be4 19.Bd2 a4 20.Bxe4 Nxe4 21.Rdc1 Qb7 22.Be1 a3
23.bxa3 bxa3 24.Rcb1 Qd5 25.Rb5 Qc6 26.Qd3 Rfc8 27.d5 Nc5 28.Qxh7+ Kxh7 29.dxc6 Rxc6
30.Nd4 Rca6 31.Bb4 Ne4 32.Bxd6 Nxd6 33.Rb4 Ra4 34.Rb3 Ne4 35.Ra2 Nc5 36.Rc3 Ne4
37.Rb3 Nd2 38.Rb7 e5 39.Nc2 f6 40.Rb5 Rc8 41.Rxa3 Rac4 42.Nb4 Rc1+ 43.Kh2 Nf1+
44.Kg1 Nxe3+ 45.Kh2 Nf1+ 46.Kg1 Rb1 47.g4 Rc4 48.Kg2 Rf4 49.Nd3 Rxb5 50.Nxf4 exf4  1/2-1/2

[Event "Corsica Masters"]
[Site "Bastia FRA"]
[Date "2007.10.29"]
[Round "2.4"]
[White "Milov,V"]
[Black "Bareev,E"]
[Result "0-1"]
[WhiteElo "2676"]
[BlackElo "2653"]

1.d4 d5 2.c4 c6 3.Nc3 Nf6 4.e3 e6 5.Nf3 Nbd7 6.Bd3 dxc4 7.Bxc4 b5 8.Bd3 Bd6
9.a3 O-O 10.O-O a5 11.Qc2 Bb7 12.e4 e5 13.dxe5 Nxe5 14.Nxe5 Bxe5 15.f4 Bd4+
16.Kh1 Ng4 17.h3 Qh4 18.Qe2 h5 19.f5 Nf2+ 20.Rxf2 Qxf2 21.Qxf2 Bxf2 22.Bf4 Rfd8
23.Be2 h4 24.Rf1 Bg3 25.Be3 b4 26.Na4 bxa3 27.bxa3 Ba6 28.Bxa6 Rxa6 29.Rc1 Rd3
30.Ra1 Ra8  0-1

[Event "7th Rohde Open"]
[Site "Sautron FRA"]
[Date "2007.10.29"]
[Round "3"]
[White "Koziak,V"]
[Black "Potkin,V"]
[Result "1/2-1/2"]
[WhiteElo "2437"]
[BlackElo "2612"]

1.d4 d5 2.c4 e6 3.Nc3 c6 4.Nf3 Nf6 5.e3 Nbd7 6.Bd3 dxc4 7.Bxc4 b5 8.Bd3 Bd6
9.O-O O-O 10.a4 b4 11.Ne4 Nxe4 12.Bxe4 Bb7 13.b3 Nf6 14.Bd3 c5 15.dxc5 Bxf3
16.gxf3 Be5 17.Ra2 Qc7 18.Rc2 Rad8 19.Rc4 Bxh2+ 20.Kg2 Be5 21.Rxb4 Qxc5 22.Rc4 Qd5
23.Be2 Qb7 24.Qc2 Rd5 25.Rd1 Rfd8 26.Rxd5 Nxd5 27.Qe4 Bf6 28.b4 a6 29.Bd2 Be7
30.Rd4 g6 31.b5 axb5 32.Bxb5 Bc5 33.Rd3 h5 34.Bc3 Qe7  1/2-1/2

[Event "ETCC w"]
[Site "Crete GRE"]
[Date "2007.10.30"]
[Round "3"]
[White "Johansson,V"]
[Black "Nemcova,Kat"]
[Result "0-1"]
[WhiteElo "2203"]
[BlackElo "2255"]

1.d4 d5 2.Nf3 Nf6 3.c4 c6 4.Nc3 e6 5.e3 Nbd7 6.Qc2 Bd6 7.b3 O-O 8.Be2 e5
9.cxd5 Nxd5 10.Nxd5 cxd5 11.dxe5 Nxe5 12.O-O Nxf3+ 13.Bxf3 Qh4 14.g3 Qf6
15.Bxd5 Bf5 16.e4 Bh3 17.f4 Qxa1 18.Rd1 Rac8 19.Bc4 Bc5+ 20.Kh1 Bg4 21.Rf1 Qd4
22.Kg2 Rfd8 23.f5 Bd1 24.Qb1 Qc3 25.Bg5 Bc2 26.Qe1 Qxe1 27.Rxe1 Re8 28.Kf3 Bb4  0-1

[Event "2nd MAIG Team Standard"]
[Site "Macau CHN"]
[Date "2007.10.30"]
[Round "5"]
[White "Gundavaa,B"]
[Black "Lim Yee Weng"]
[Result "1/2-1/2"]
[WhiteElo "2274"]
[BlackElo "2336"]

1.d4 d5 2.c4 c6 3.Nf3 Nf6 4.Nc3 e6 5.e3 Nbd7 6.Qc2 Bd6 7.g4 dxc4 8.Bxc4 b6
9.g5 Nd5 10.Ne4 Be7 11.Bd2 Bb7 12.Ng3 Nb4 13.Qb3 c5 14.e4 O-O 15.h4 Nc6 16.d5 exd5
17.Bxd5 c4 18.Bxc4 Nde5 19.Nxe5 Nxe5 20.Be2 Nc6 21.Rd1 Nd4 22.Qd3 Nxe2 23.Qxe2 Qc8
24.Nf5 Re8 25.Nxe7+ Rxe7 26.f3 Ba6 27.Qe3 Qc2 28.Bc3 Rc8 29.Qd2 Rxe4+ 30.fxe4 Qxe4+
31.Kf2 Bb7 32.Rh2 Qf5+  1/2-1/2

[Event "USCL 2007"]
[Site "ICC INT"]
[Date "2007.10.31"]
[Round "10"]
[White "Yeager,D"]
[Black "Williams,C USA"]
[Result "0-1"]
[WhiteElo "2130"]
[BlackElo "2179"]

1.d4 d5 2.c4 c6 3.Nc3 Nf6 4.e3 e6 5.Nf3 Nbd7 6.Qc2 Bd6 7.Bd3 O-O 8.O-O dxc4
9.Bxc4 e5 10.Rd1 Qe7 11.Bb3 e4 12.Ng5 Bxh2+ 13.Kxh2 Ng4+ 14.Kg1 Qxg5 15.Qxe4 Ndf6
16.Qf3 Qh4 17.e4 Be6 18.Bf4 Nh5 19.Ne2 Bxb3 20.axb3 f5 21.e5 a6 22.Rd3 Rae8
23.Rc1 Re6 24.Bg3 Qg5 25.Nf4 Rh6 26.Re1 Nxg3 27.Qxg3 Rh4 28.f3 Qh6 29.Kf1 Nh2+
30.Kg1 Rxf4 31.e6 Qh4 32.Qxh4 Rxh4 33.g3 Rxd4 34.Ree3 Rxd3 35.Rxd3 Nxf3+
36.Rxf3 Re8 37.Rxf5 Rxe6 38.Rf3 Re1+ 39.Kf2 Rb1 40.Rd3 Rxb2+ 41.Kf3 c5 42.Ke4 h6
43.Rc3 b5 44.Kd5 b4 45.Re3 Rc2 46.Re7 Rc3 47.Ra7 Rxb3 48.Kxc5 Rxg3 49.Kxb4 Rg6  0-1

[Event "22nd GP Open A"]
[Site "Le Touquet FRA"]
[Date "2007.10.31"]
[Round "7"]
[White "Hadet,E"]
[Black "De la Forest,L"]
[Result "1-0"]
[WhiteElo "2018"]
[BlackElo "1861"]

1.Nf3 Nf6 2.c4 e6 3.Nc3 d5 4.d4 c6 5.e3 Bd6 6.Qc2 Nbd7 7.Bd3 O-O 8.O-O e5
9.cxd5 cxd5 10.e4 dxe4 11.Nxe4 Nxe4 12.Bxe4 exd4 13.Bxh7+ Kh8 14.Bg5 Qb6
15.Qe4 f5 16.Qh4 Nf6 17.Bxf6 Bxh2+ 18.Qxh2 Rxf6 19.Bg6+ Kg8 20.Qh7+ Kf8 21.Qh8+ Ke7
22.Qxg7+ Kd8 23.Rac1 Rxg6 24.Qf8+ Kd7 25.Ne5+ Ke6 26.Nxg6  1-0

[Event "6th North Am FIDE Inv"]
[Site "Chicago USA"]
[Date "2007.11.01"]
[Round "6"]
[White "Tsyganov,I"]
[Black "Vigorito,D"]
[Result "1/2-1/2"]
[WhiteElo "2265"]
[BlackElo "2399"]

1.d4 d5 2.c4 c6 3.Nc3 Nf6 4.Nf3 e6 5.e3 Nbd7 6.Bd3 dxc4 7.Bxc4 b5 8.Be2 Bb7
9.O-O Be7 10.e4 b4 11.e5 bxc3 12.exf6 Bxf6 13.bxc3 c5 14.dxc5 O-O 15.Ba3 Be7
16.Rb1 Be4 17.Rb4 Bd5 18.Rd4 Qc7 19.c6 Bxa3 20.cxd7 Bc5 21.Rxd5 exd5 22.Qxd5 Rad8
23.Rd1 Qb6 24.Ne5 Bxf2+ 25.Kh1 Qe6 26.Qxe6 fxe6 27.Nc6 Bb6 28.Nxd8 Rxd8 29.Bc4 Kf7
30.Re1 Ke7 31.Bxe6 Rf8 32.Bg4+ Kd8 33.h4 Bf2 34.Rf1 Rf4 35.Bh3 Bg3 36.Rxf4 Bxf4
37.Kg1 Bg3 38.h5 h6 39.Kf1 Be5 40.c4 Kc7 41.Ke2 Bf6 42.Kd3 Bg5 43.Kd4 Bf6+
44.Kd5 Bg5 45.Bf5 Bf6 46.Kc5 Be7+ 47.Kb5 Bh4 48.a4 Bf2 49.c5 Be3 50.c6 Bg5
51.Ka6 Be3 52.Bd3 Bd4 53.Be4 Be3 54.Bd5 Bd4 55.d8=Q+ Kxd8 56.Kb7 Bb6 57.c7+ Bxc7
58.Kxa7 Ba5 59.Ka6 Bc3 60.Kb7 Bd2 61.Be4 Be1 62.Bf5 Bc3 63.Kb6 Bd4+ 64.Kc6  1/2-1/2

[Event "ETCC w"]
[Site "Crete GRE"]
[Date "2007.11.03"]
[Round "6"]
[White "Motoc,A"]
[Black "Aginian,N"]
[Result "0-1"]
[WhiteElo "2300"]
[BlackElo "2261"]

1.d4 d5 2.c4 c6 3.Nf3 Nf6 4.e3 e6 5.Nc3 Nbd7 6.Qc2 b6 7.cxd5 exd5 8.Bd3 Bb7
9.O-O Be7 10.e4 dxe4 11.Nxe4 O-O 12.Ne5 c5 13.Ng5 g6 14.h4 cxd4 15.Bf4 Nxe5
16.Bxe5 Ng4 17.Bf4 Bd6 18.Qd2 Qf6 19.Bg3 Bxg3 20.fxg3 Qe5 21.Rf4 Ne3 22.Be4 Bxe4
23.Rxe4 Qxg3 24.Rxd4 Nf5 25.Rd7 Rae8 26.h5 Qg4 27.hxg6 hxg6 28.Rf1 Re2 29.Qd5 Qxg5
30.Rxa7 Qe3+ 31.Kh2 Qg3+ 32.Kg1 Ne3  0-1